000 00452nam a2200181Ia 4500
008 230711s9999||||xx |||||||||||||| ||und||
020 _a978-0-7020-4294-2
041 _aENG
082 _a615.58
_bWA-C
100 _aWalker,Roger
245 0 _aClinical Pharmacy and Therapeurtics
250 _a5th Ed.
260 _c2012
_aNew York
_bElsevier Science Publishers
300 _a983p.
650 _aPharmacy
700 _aWhittlesea,Cate
942 _cBK
999 _c7276
_d7276